000 00439nam a2200145Ia 4500
008 220325s9999||||xx |||||||||||||| ||und||
020 _a978-979-543-616-4
084 _a1128-0072 FIR Gov Bo
100 _aFirdaus
245 0 _aPertanggunjawaban Presiden Dalam Negara Hukum Demokrasi
260 _aBandung
_bYrama Widya
_c2007
300 _ai-xii + 196 hlm
650 _aGovernment (Pemerintahan)
_eG-O-V
_yKekuasaan Eksekutif
942 _cBK
999 _c18689
_d18689